Clubs parisiens dans les cinq premières divisions françaises - Statistiques

Statistiques générales
  • Ce quiz a été pris 54 fois
  • Le résultat moyen est 5 sur 12
Statistiques - réponses
Stade Equipe % Correct
Stade Charlety Paris FC
100%
Parc des Princes Paris Saint-Germain
100%
Stade Bauer Red Star
96%
Stade Dominique Duvauchelle Créteil
54%
Stade Pelé Paris 13 Atletico
38%
Stade Yves-du-Manoir Racing Club de France
27%
Stade André Karman Aubervilliers
21%
Stade Auguste Delaune FC 93
17%
Stade Charles Sage JA Drancy
17%
Stade de Clerville US Ivry
17%
Stade Adolphe Chéron Lusitanos Saint-Maur
13%
Stade Georges Foulon Neuilly Marne SFC
0%
Aucun quiz correspondant
Distribution des résultats
% des personnes avec chaque résultat
Percentile par nombre de réponses
Votre historique - résultats
Vous n’avez pas pris ce quiz